000 00362nam a2200133Ia 4500
005 20260328101529.0
008 260328s9999||||xx |||||||||||||| ||und||
100 _aTurkienicz, Benamy
245 0 _aDesenho Urbano :
_b Seminario sobre Desenho Urbano no Brasil /
_cBenamy Turkienicz
260 _bPini
300 _a392 p.
650 _aDISEÑO URBANO
942 _cBK
999 _c9895
_d9895